000 00298nam a22001337a 4500
008 170711b xxu||||| |||| 00| 0 eng d
020 _a9791851094904
041 _aeng
080 _a030
100 _a23
101 _aENC
245 _aWEAPONS OF MASS DESTRUCTION
_cCRODDY, E.A
942 _2udc
_cBK
999 _c20211
_d20211